Ökonomische Verfügungsrechte und Allokationsmechanismen in Wirtschaftssystemen.

Bibliographic Details
Main Author: Schenk, Karl Ernst.
Format: eBook
Language:German
Published: Berlin : Duncker & Humblot, 1978.
Edition:1st ed.
Series:Schriften des Vereins Für Socialpolitik Series
Subjects:
Online Access:Click to View
LEADER 05903nam a22004093i 4500
001 EBC7100969
003 MiAaPQ
005 20240729202203.0
006 m o d |
007 cr cnu||||||||
008 240729s1978 xx o ||||0 ger d
020 |a 9783428441792  |q (electronic bk.) 
020 |z 9783428041794 
035 |a (MiAaPQ)EBC7100969 
035 |a (Au-PeEL)EBL7100969 
035 |a (OCoLC)1347026888 
040 |a MiAaPQ  |b eng  |e rda  |e pn  |c MiAaPQ  |d MiAaPQ 
100 1 |a Schenk, Karl Ernst. 
245 1 0 |a Ökonomische Verfügungsrechte und Allokationsmechanismen in Wirtschaftssystemen. 
250 |a 1st ed. 
264 1 |a Berlin :  |b Duncker & Humblot,  |c 1978. 
264 4 |c {copy}1978. 
300 |a 1 online resource (206 pages) 
336 |a text  |b txt  |2 rdacontent 
337 |a computer  |b c  |2 rdamedia 
338 |a online resource  |b cr  |2 rdacarrier 
490 1 |a Schriften des Vereins Für Socialpolitik Series 
505 0 |a Intro -- Vorwort -- Inhaltsverzeichnis -- Rolf Eschenburg, Münster: Mikroökonomische Aspekte von Property Rights -- 1. Property Rights als Rechte zur Verfügung über Ressourcen -- 2. Property Rights und Wirtschaftssubjekte -- 3. Die sozioökonomische Bedeutung von Nutzungsrechten -- 4. Die sozioökonomische Bedeutung von Interaktionsrechten -- 5. Das Coase-Theorem -- 6. Transaktionskosten -- 7. Property Rights und Transaktionskosten -- 8. Transaktionskosten und Organisationsverfassung -- 9. Zur Interpretation der Economics of Property Rights -- Literaturverzeichnis -- Alfred Schüller, Marburg/Lahn: Property Rights, unternehmerische Legitimation und Wirtschaftsordnung. Zum vermögenstheoretischen Ansatz einer allgemeinen Theorie der Unternehmung -- I. Mikroökonomische Kategorien aus vermögenstheoretischer Sicht und der Anspruch einer systemübergreifenden Theorie der Unternehmung -- II. Grundelemente und Grenzen einer systemübergreifenden Theorie der Unternehmung -- A. Unternehmerische Kompetenz als Vermögensrecht -- 1. Unternehmertypologie als systemübergreifendes Ordnungsschema für potentielle unternehmerische Kompetenz -- 2. Unternehmerische Kompetenz, Externalisierung von Internalitäten und Transaktionskosten -- B. Zum Verhältnis von Property Rights und rechtlicher Legitimation der Unternehmer -- III. Zur Problematik des vermögenstheoretischen Ansatzes im Systemvergleich -- A. Property Rights, unternehmerische Legitimation und Kontrolle der Unternehmung in der freien Marktwirtschaft -- 1. Unternehmerische Legitimation als Problem freier Funktions- und Risikoteilung von Property Rights -- 2. Zum Verhältnis von Eigentum und Kontrolle in großen Publikums-Aktiengesellschaften -- a) Eine falsche Perspektive -- b) Wettbewerbsintensität und Eigentümerkontrolle -- c) Kontrolle durch Abwanderung von leistungswilligen Managern. 
505 8 |a d) Kontrolle durch Abwanderung von Aktionären -- e) Das „tender offer" (Übernahmeangebot) als Kontrollverfahren -- aa) Der Markt für „corporate control" in den USA -- bb) Zur Frage der Entstehung von Märkten für „corporate control" in der Bundesrepublik Deutschland -- f) Folgerungen -- B. Property Rights, unternehmerische Legitimation und Kontrolle im Marktsozialismus jugoslawischen Typs -- 1. Unternehmerische Legitimation als Kompetenzproblem -- 2. Gesellschaftliches Eigentum, unternehmerische Legitimation und Kontrolle als Problem divergierender Funktions- und Risikoteilung -- C. Property Rights, unternehmerische Legitimation und Kontrolle der sozialistischen Unternehmung sowjetischen Typs -- IV. Schlußbemerkungen -- Helmut Leipold, Marburg/Lahn: Die Verwertung neuen Wissens bei alternativen Eigentumsordnungen -- I. Problemstellung -- II. Phasen und Transferbedingungen des Neuerungsprozesses -- III. Formen und Funktionen des Eigentums -- IV. Gesellschaftseigentum und Innovationsbereitschaft -- V. Staatseigentum und Innovationsbereitschaft -- VI. Schlußfolgerungen und Zusammenfassung -- Christian Seidl, Graz: Allokationsmechanismen. Ein Überblick über dynamische mikroökonomische Totalmodelle -- 1. Das Wirtschaftssystem als Variable -- 2. Allokationsmechanismus und Dezentralisation -- 3. Informationsdezentralisation -- 4. Entscheidungsdezentralisation -- 5. Optimalität -- 6. Incentive-Kompatibilität -- 7. Entscheidungszentralisierte Allokationsmechanismen: Planungsprozesse -- 7.1 Preisgesteuerte Planungsprozesse -- 7.2 Mengengesteuerte Planungsprozesse -- 7.3 Kombiniert preis/mengengesteuerte Planungsprozesse -- 8. Allokationsmechanismen mit einer Vielzahl autonomer Entscheidungsträger (entscheidungsdezentralisierte Allokationsmechanismen) -- 8.1 Allokationsmechanismen für zerlegbare Milieus. 
505 8 |a 8.1.1 Allokationsmechanismen für zerlegbare Milieus mit Zentrale -- 8.1.2 Allokationsmechanismen für zerlegbare Milieus ohne Zentrale -- 8.2 Allokationsmechanismen für nicht zerlegbare Milieus -- 8.2.1 Preisgesteuerte Allokationsmechanismen für nicht zerlegbare Milieus -- 8.2.2 Mengengesteuerte Allokationsmechanismen für nicht zerlegbare Milieus -- 8.2.3 Kombiniert preis/mengengesteuerte Allokationsmechanismen für nicht zerlegbare Milieus -- 9. Resumée -- 10. Literatur. 
588 |a Description based on publisher supplied metadata and other sources. 
590 |a Electronic reproduction. Ann Arbor, Michigan : ProQuest Ebook Central, 2024. Available via World Wide Web. Access may be limited to ProQuest Ebook Central affiliated libraries.  
655 4 |a Electronic books. 
776 0 8 |i Print version:  |a Schenk, Karl Ernst  |t Ökonomische Verfügungsrechte und Allokationsmechanismen in Wirtschaftssystemen  |d Berlin : Duncker & Humblot,c1978  |z 9783428041794 
797 2 |a ProQuest (Firm) 
830 0 |a Schriften des Vereins Für Socialpolitik Series 
856 4 0 |u https://ebookcentral.proquest.com/lib/matrademy/detail.action?docID=7100969  |z Click to View